Sermon outlines on Romans. (Record no. 5680)

000 -LEADER
fixed length control field 00562nam a2200181 a 4500
001 - CONTROL NUMBER
control field :::00003422$&:&@@
003 - CONTROL NUMBER IDENTIFIER
control field OkBaRHE
005 - DATE AND TIME OF LATEST TRANSACTION
control field 20000607103305.0
008 - FIXED-LENGTH DATA ELEMENTS--GENERAL INFORMATION
fixed length control field s1962 j 000 0 eng u
040 ## - CATALOGING SOURCE
Transcribing agency
100 1# - MAIN ENTRY--PERSONAL NAME
Personal name Daves, Michael.
245 10 - TITLE STATEMENT
Title Sermon outlines on Romans.
260 ## - PUBLICATION, DISTRIBUTION, ETC. (IMPRINT)
Place of publication, distribution, etc Westwood, NJ., :
Name of publisher, distributor, etc Fleming H. Revell Company
Date of publication, distribution, etc c1962
300 ## - PHYSICAL DESCRIPTION
Extent 64 p. ;
Dimensions 18 cm.
650 ## - SUBJECT ADDED ENTRY--TOPICAL TERM
Topical term or geographic name as entry element Bible New Testament Romans
General subdivision Sermon Outlines
942 ## - ADDED ENTRY ELEMENTS (KOHA)
Source of classification or shelving scheme
Koha item type Books
Copies
Full call number Barcode Damaged status Copy number Lost status Source of classification or shelving scheme Shelving location Date last seen Not for loan Withdrawn status Koha item type Date acquired Permanent Location Price effective from
BS 2665 .D33422 1  General Stacks2018-03-28  Books2010-04-14RHEMA Bible Training College2010-04-14